Filme Bilder KI - Statistiken

Allgemein
  • Dieses Quiz wurde 5.032 mal gespielt
  • Das Durchschnittsergebnis liegt bei 12 aus 23
Antwortstatistiken
Bildquiz Antwort % Korrekt
American Pie
94%
ES
91%
Spiderman
89%
Fluch der Karibik
84%
The Wolf of Wallstreet
82%
Zurück in die Zukunft
80%
Madagascar
66%
The Nun
65%
E.T.
63%
Fight Club
53%
Charlie und die Schokoladenfabrik
52%
Hangover
51%
Death Note
50%
Matrix
49%
Scream
49%
Bird Box
42%
Transformers
28%
Herr der Ringe
23%
Die Tribute von Panem
22%
50 Shades of Grey
20%
Annabelle
11%
Avatar: The Way of Water
8%
Fack ju Göthe
8%
Keine übereinstimmenden Quizze gefunden
Verteilung der Resultate
Anzahl Personen mit jedem Resultat
Perzentil nach korrekt beantworteten Fragen
Ihre Resultats-Entwicklung
Sie haben dieses Quiz noch nicht gespielt